Soluble silicates : their properties and uses /

Guardado en:
Autor Principal: Vail, James G.
Formato: Libro
Idioma:English
Publicado: New York : Reinhold, 1952.
Etiquetas: Agregar Etiqueta
Sin Etiquetas, Sea el primero en etiquetar este registro!
LEADER 00451nam a22001455a 4500
001 EUN.um036637
003 AR-BaUNS
005 20050623122909.0
008 041125s1952####xxua##########000#0#eng#d
245 1 0 |a Soluble silicates :  |b their properties and uses /  |c James G. Vail. 
260 |a New York :  |b Reinhold,  |c 1952. 
300 |a 2 v. :  |b ilus. ;  |c 23 cm. 
100 1 |a Vail, James G. 
082 0 4 |a 661.2 
859 |a Ar-BaUNS  |b BIB. CENTRAL - Sector C  |h 661.2  |i V193  |p 2503/956  |v v.1